| 000 | 01164cam a22003131 4500 | ||
|---|---|---|---|
| 001 | gs 63000338 | ||
| 003 | DLC | ||
| 005 | 20260227111413.0 | ||
| 008 | 780320s1963 dcuabd b f000 0 eng | ||
| 010 | _ags 63000338 | ||
| 035 | _a(OCoLC)3733436 | ||
| 040 |
_aDLC _cOClU _dISS _dOCoLC _dDLC |
||
| 042 | _apremarc | ||
| 050 | 0 | 0 |
_aQE75 _b.P9 no. 363 |
| 086 | 0 | _aI 19.16:363 | |
| 100 | 1 |
_aSmith, J. Fred _q(Joe Fred), _d1911- |
|
| 245 | 1 | 0 |
_aGeology of the Capitol Reef area, Wayne and Garfield Counties, Utah; _cby J. Fred Smith, Jr. [and others] |
| 260 |
_aWashington, _bU.S. Govt. Print. Off., _c1963. |
||
| 300 |
_aiv, 102 p. _billus., maps (part fold., 1 col., part in pocket) diagrs., profile, tables. _c29 cm. |
||
| 410 | 2 | 0 |
_aGeological Survey (U.S.). _tProfessional paper, _v363 |
| 500 | _aPrepared on behalf of the U.S. Atomic Energy Commission. | ||
| 504 | _aBibliography: p. 96-99. | ||
| 650 | 0 |
_aGeology _zUtah _zWayne County |
|
| 650 | 0 |
_aGeology _zUtah _zGarfield County |
|
| 650 | 0 |
_aUranium _zUtah _zCapitol Reef area |
|
| 650 | 0 |
_aRocks _xAnalysis |
|
| 650 | 0 |
_aBorings _zUtah |
|
| 740 | 0 | _aCapitol Reef area, Wayne and Garfield Counties, Utah. | |
| 999 |
_c29758 _d29758 |
||